Diagnóstico y lineamientos preliminares sobre las actividades de investigación en tecnología de alimentos en Chile

में बचाया:
ग्रंथसूची विवरण
मुख्य लेखकों: Kaiser Lillo, Wilhelm Sergio (autor), Arata Andreani, Naldi (लेखक)
निगमित लेखकों: CONICYT (लेखक), DIPLA (लेखक), OEA (लेखक)
अन्य लेखक: Kasahara Garrido, Ismael (autor)
स्वरूप: पुस्तक
भाषा:स्पेनिश
प्रकाशित: Santiago CONICYT 1977
विषय:
टैग: टैग जोड़ें
कोई टैग नहीं, इस रिकॉर्ड को टैग करने वाले पहले व्यक्ति बनें!

MARC

LEADER 00000nam a2200000 a 4500
001 UCU6483
003 CL-VaPUC
008 960621e19770100CL |||||||||||||||||spa|d
082 0 4 |a 664  |b KAI  |2 21 
100 |a Kaiser Lillo, Wilhelm Sergio  |e autor  |9 364701 
700 0 |a Arata Andreani, Naldi  |e author  |9 364702 
700 |a Kasahara Garrido, Ismael  |e autor  |9 406210 
110 2 |a CONICYT  |e author  |9 364704 
710 2 |a DIPLA  |e author  |9 364705 
710 2 |a OEA  |e author  |9 364706 
245 1 0 |a Diagnóstico y lineamientos preliminares sobre las actividades de investigación en tecnología de alimentos en Chile 
300 |a 57 h 
942 |c BK 
945 |d 19960621 00:00:00  |a cmena 
260 |a Santiago  |b CONICYT  |c 1977 
500 |a Proyecto de Asistencia Técnica Internacional: Políticas y Estrategias en Ciencia y Tecnología 
650 7 |a TECNOLOGIA DE ALIMENTOS  |2 CL-VaPUC  |9 364707 
650 0 |a Alimentos  |9 256203 
650 7 |a ELABORACION DE ALIMENTOS  |2 CL-VaPUC  |9 352336 
650 0 |a Análisis de alimentos  |9 361130 
650 0 |a Biotecnología   |9 259561 
650 0 |a Industria alimentaria  |9 331702 
583 |a last modification  |c 19960621 00:00:00  |k Rodrigo Vera 
999 |c 249381  |d 249379